000 00638nam a22002417a 4500
003 UA-OsUOA
001 55964
007 ta
008 20080924b un ||||| |||| 00| 0 ukr d
100 _aПетров В.Н.
090 _a004.4 (075.8)
_bП30
942 _cBK
040 _aUA-OsUOA
_brus
_cUA-OsUOA
_dUA-OsUOA
245 _aИнформационные системы
300 _a688 с.
955 _a2
041 _arus
080 _a004.4 (075.8)
020 _a5-318-00561-6
260 _aСПб
_bПитер
_c2003
650 7 _a00 Загальні питання науки і культури
_2UDC
999 _c342024
_d342024